Pelan Pemulihan Ekonomi Negara : Agenda Tindakan :

Bibliographic Details
Format: Book
Language:Malay
Published: Kuala Lumpur : Unit Perancang Ekonomi 1998
Subjects:

MARC

LEADER 00000cam a2200000 7i4500
001 0000005790
005 20240913.0
008 240418 my a may
040 |a INS   |b eng   |e rda 
090 0 0 |a RHC445.5   |b .P45 1998 
245 1 0 |a Pelan Pemulihan Ekonomi Negara :   |b Agenda Tindakan :   |b Sinopsis   |c Majlis Tindakan Ekonomi Negara 
264 1 |a Kuala Lumpur :   |b Unit Perancang Ekonomi   |c 1998 
300 |a 39 pages :   |b illustrations, colour photographs ;   |c 20 cm. 
336 |a text  |2 rdacontent 
337 |a unmediated  |2 rdamedia 
338 |a volume  |2 rdacarrier 
651 0 |a Malaysia   |x Economic Conditions 
651 0 |a Malaysia   |x Economic Policy 
720 2 |a Majlis Tindakan Ekonomi Negara 
999 |a 0000007313   |b BOOK   |c Red Spot   |e Default branch 
999 |a 0000021967   |b BOOK   |c Red Spot   |e Default branch 
999 |a 0000023244   |b BOOK   |c Red Spot   |e Default branch